Responses for Show #1833 - Wednesday, July 15, 1992

1992 Seniors Tournament semifinal game 3.

Contestants

[<< previous game]

Lois Rosenfeld, a housewife from Los Angeles, California

Jim Baehler, a negotiations consultant from New York City, New York

Hansford Epes, a German and humanities professor from Davidson, North Carolina

[next game >>]

Jeopardy! Round responses

FAMOUS SENIORS
ECONOMICS
BROADWAY LYRICS
ANIMALS
GEMS & JEWELRY
VOCABULARY
    $100 11
Colonel Sanders

Jim
    $100 26
demand

Hansford
    $100 6
a dame

Hansford
    $100 16
prairie dogs

Hansford
    $100 19
platinum

Jim
    $100 1
fauna

Jim
    $200 12
Casey Stengel

Lois
    $200 27
gold

Jim
    $200 7
River City

Jim
    $200 17
angora

Jim
    $200 21
pearls

Hansford
    $200 2
cuff

Hansford
    $300 13
Helen Keller

Jim
    $300 28
points

Jim
    $300 8
"It's De-Lovely"

Lois
    $300 18
a camel

Lois
    $300 23
black

Jim
    $300 3
a metronome

Hansford
    $400 14
George Bernard Shaw

Jim
    $400 29
the Pac-Man defense

Jim
    $400 9
my life

Jim
    $400 20
the Chihuahua

Lois
    $400 24
(Hansford: What is sapphire?)
(Lois: What is turquoise?)

aquamarine

HansfordLois
Triple Stumper
    $400 4
a whirlwind

Hansford
    $500 15
Albert Schweitzer

Hansford
    $500 30
insider trading

Hansford
    $500 10
still here

Jim
    $500 22
(Hansford: What is moose?)

caribou

Hansford
    $500 25
filigree

Lois
    $500 5
nepotism

Hansford

Scores at the first commercial break (after clue 15):

Hansford Jim Lois
$2,000 $2,000 $500

Scores at the end of the Jeopardy! Round:

Hansford Jim Lois
$2,000 $3,500 $1,300

Double Jeopardy! Round responses

BOTANY
WORLD FLAGS
OPERA
THE 17th CENTURY
LITERATURE
POLITICIANS
    $200 23
a peanut

Hansford
    $200 11
(Jim: What is a fish?)

a cross

HansfordJim
    $200 1
La Scala

Jim
    $200 18
King James

Hansford
    $200 6
Charlotte Brontë

Hansford
    $200 12
Mario Cuomo

Hansford
    $400 24
a sequoia

Jim
    $400 14
(Lois: What is blue?)

white

HansfordLois
    $400 2
the Beefeaters

Jim
    $400 19
Christopher Wren

Jim
    $400 7
Mowgli

Jim
    $400 13
Richard Daley

Lois
    $600 25
Luther Burbank

Jim
    $600 28
Gibraltar

Hansford
    $600 3
Pagliacci

Lois
    $600 20
Champlain

Hansford
    $600 8
The Grapes of Wrath

Jim
    $600 15
Texas

Jim
    $800 26
wheat

Jim
    $800 29
Czechoslovakia

Hansford
    $800 4
Rigoletto

Jim
    $800 21
Richelieu

Hansford
    $800 9
Horatio Hornblower

Hansford
    $800 16
Jesse Helms

Hansford
    $1000 27
a carnation

Jim
    $1000 30
Tanzania

Hansford
    $2,000 5
Hansel and Gretel

Jim
    $1000 22
(Johannes) Kepler

Hansford
    $1000 10
Brideshead Revisited

Lois
    $2,000 17
(1 of) (Bob) Packwood (Mark Hatfield)

Hansford

Scores at the end of the Double Jeopardy! Round:

Hansford Jim Lois
$11,800 $11,500 $2,900

[wagering suggestions for these scores]

Final Jeopardy! Round responses

WORLD WAR II
LoisWhat is Malta
$2,900
JimWhat is Malta
$11,500
HansfordWhat is Malta?
$11,201
Malta

Final scores:

Hansford Jim Lois
$23,001 $23,000 $5,800
Finalist 2nd place: $5,000 3rd place: $5,000

Game dynamics:

Coryat scores:

Hansford Jim Lois
$11,300 $10,500 $2,900
25 R
(including 1 DD),
2 W
(including 1 DD)
25 R
(including 1 DD),
1 W
8 R,
2 W

Combined Coryat: $24,700

[game clues] [game scores] [suggest correction]

Game tape date: 1992-02-25
The J! Archive is created by fans, for fans. Scraping, republication, monetization, and malicious use prohibited; this site may use cookies and collect identifying information. See terms. The Jeopardy! game show and all elements thereof, including but not limited to copyright and trademark thereto, are the property of Jeopardy Productions, Inc. and are protected under law. This website is not affiliated with, sponsored by, or operated by Jeopardy Productions, Inc. Join the discussion at JBoard.tv.